[Event "Landesklasse West 2013/2014"]
[Site "?"]
[Date "2013.12.08"]
[Round "4"]
[White "Gast, Rainer"]
[Black "Latussek, Paul"]
[Result "1-0"]
[WhiteElo "1878"]
[BlackElo "1448"]
[PlyCount "63"]
[EventDate "2013.??.??"]
[WhiteTeam "SV Breitenworbis"]
[BlackTeam "Schachverein Stützerbach"]

1. d4 f5 2. g3 Nf6 3. Bg2 e6 4. Nf3 Be7 5. O-O O-O 6. c4 d6 7. Nc3 Ne4 8. Qb3
Nd7 9. Nxe4 fxe4 10. Nd2 c5 11. d5 exd5 12. cxd5 Nf6 13. Nxe4 b6 14. Bf4 Bg4
15. Nc3 Nh5 16. Bd2 Qd7 17. f3 Bh3 18. e4 Rf7 19. Qb5 Bf6 20. Qxd7 Bd4+ 21. Kh1
Bxg2+ 22. Kxg2 Rxd7 23. Rae1 Re8 24. Be3 Bxe3 25. Rxe3 Kf7 26. f4 Kg6 27. g4
Nf6 28. g5 Nh5 29. Kh3 Rf7 30. Kg4 Nxf4 31. Rxf4 Rxf4+ 32. Kxf4 {ZÜ} 1-0

[Event "Landesklasse West 2013/2014"]
[Site "?"]
[Date "2013.12.08"]
[Round "4"]
[White "Hellrung, Bernhard"]
[Black "Handschuh, Franz"]
[Result "1/2-1/2"]
[WhiteElo "1841"]
[BlackElo "1807"]
[PlyCount "47"]
[EventDate "2013.??.??"]
[WhiteTeam "SV Breitenworbis"]
[BlackTeam "Schachverein Stützerbach"]

1. e4 d6 2. d4 Nf6 3. Bd3 g6 4. f4 Bg7 5. Nf3 c5 6. dxc5 Qa5+ 7. c3 Qxc5 8. Qe2
O-O 9. Be3 Qa5 10. h3 Nc6 11. Nbd2 Bd7 12. O-O Ne8 13. Nb3 Qc7 14. f5 Nf6 15.
Rad1 Nh5 16. Qf2 Ne5 17. Nxe5 Bxe5 18. Bh6 Bg7 19. Bxg7 Kxg7 20. g4 Nf6 21. g5
Ng8 22. f6+ exf6 23. gxf6+ Kh8 24. Qh4 1/2-1/2

[Event "Landesklasse West 2013/2014"]
[Site "?"]
[Date "2013.12.08"]
[Round "4"]
[White "Brehme, Stefan"]
[Black "Leibeling, Lucian"]
[Result "1/2-1/2"]
[WhiteElo "1775"]
[BlackElo "1843"]
[PlyCount "60"]
[EventDate "2013.??.??"]
[WhiteTeam "Schachverein Stützerbach"]
[BlackTeam "SV Breitenworbis"]

1. e4 c5 2. Nf3 d6 3. d4 cxd4 4. Nxd4 Nf6 5. Nc3 g6 6. Be2 Bg7 7. Be3 O-O 8.
Qd2 Nc6 9. O-O-O Bd7 10. h4 h5 11. f3 Rc8 12. Rdg1 Ne5 13. Bh6 Nc4 14. Bxc4
Rxc4 15. Bxg7 Kxg7 16. g4 Rh8 17. g5 Ne8 18. Qd3 Rc8 19. f4 e6 20. f5 Rc5 21.
f6+ Kh7 22. Nb3 Re5 23. Qd4 a6 24. Rd1 Qc7 25. Rhe1 b5 26. Qb4 Bc6 27. Re2 Rf8
28. Red2 Kg8 29. Rd4 Ba8 30. R4d3 Qc4 1/2-1/2

[Event "Landesklasse West 2013/2014"]
[Site "?"]
[Date "2013.12.08"]
[Round "4"]
[White "Vergin, Marcel"]
[Black "Mages, Horst"]
[Result "1/2-1/2"]
[WhiteElo "1698"]
[BlackElo "1713"]
[PlyCount "80"]
[EventDate "2013.??.??"]
[WhiteTeam "SV Breitenworbis"]
[BlackTeam "Schachverein Stützerbach"]

1. d4 Nf6 2. Nf3 g6 3. e3 Bg7 4. b4 O-O 5. c4 d6 6. Bb2 b6 7. Be2 Bb7 8. O-O c5
9. a3 Qc7 10. Nc3 a6 11. Qb3 Nbd7 12. Rfd1 Rac8 13. dxc5 bxc5 14. b5 Rb8 15. a4
a5 16. Qc2 Nb6 17. Nd2 Qd7 18. Nce4 Nxe4 19. Bxg7 Kxg7 20. Nxe4 Bxe4 21. Qxe4
Qb7 22. Qc2 Qa7 23. Bf3 Rbd8 24. Bc6 Nc8 25. Rd3 Qb6 26. Rad1 h6 27. Bf3 Kh7
28. h4 f5 29. h5 gxh5 30. Bxh5 e5 31. e4 f4 32. Qe2 Rf6 33. Qg4 Qc7 34. Qh4 Qg7
35. Qg4 Qxg4 36. Bxg4 Nb6 37. Rc1 Rg8 38. Bf3 Rfg6 39. Kf1 Kh8 40. Rd2 Kh7
1/2-1/2

[Event "Landesklasse West 2013/2014"]
[Site "?"]
[Date "2013.12.08"]
[Round "4"]
[White "Hermann, Ingo"]
[Black "Engel, Udo"]
[Result "1-0"]
[WhiteElo "1822"]
[BlackElo "1442"]
[PlyCount "61"]
[EventDate "2013.??.??"]
[WhiteTeam "SV Breitenworbis"]
[BlackTeam "Schachverein Stützerbach"]

1. e4 e5 2. Nf3 Nc6 3. Nc3 Nf6 4. Bb5 d6 5. d4 Bd7 6. O-O a6 7. Bxc6 Bxc6 8.
dxe5 dxe5 9. Nxe5 Qxd1 10. Rxd1 Bc5 11. Nxc6 bxc6 12. Bf4 Rc8 13. Rd3 O-O 14.
Be3 Bxe3 15. Rxe3 Rcd8 16. Rd3 Rxd3 17. cxd3 Rd8 18. Rd1 Kf8 19. f3 Nd7 20. d4
Nb6 21. b3 Ke7 22. Kf2 f6 23. Ke3 Ke6 24. Rd3 g6 25. Nd1 f5 26. Nb2 fxe4 27.
fxe4 Rf8 28. Rd1 g5 29. Nd3 a5 30. Rc1 Kd6 31. Ne5 1-0

[Event "Landesklasse West 2013/2014"]
[Site "?"]
[Date "2013.12.08"]
[Round "4"]
[White "Wegerich, Michael"]
[Black "Katzner, Andreas"]
[Result "1-0"]
[WhiteElo "2009"]
[BlackElo "1583"]
[PlyCount "71"]
[EventDate "2013.??.??"]
[WhiteTeam "SV Ammern"]
[BlackTeam "SV Gernrode 1887"]

1. e4 e6 2. Nf3 d5 3. exd5 exd5 4. d4 Bd6 5. c4 dxc4 6. Bxc4 Qe7+ 7. Be3 Be6 8.
Bxe6 Qxe6 9. O-O Ne7 10. Nc3 O-O 11. Re1 Nd5 12. Qb3 Nxc3 13. Qxe6 fxe6 14.
bxc3 Nd7 15. Bd2 Rae8 16. Re2 h6 17. Rb1 b6 18. Rbe1 Rf6 19. c4 Kf7 20. Bc3 Rf4
21. Nd2 c5 22. d5 e5 23. g3 Rf5 24. Kg2 Rf8 25. f3 Kg6 26. Re3 h5 27. Ne4 Bb8
28. h4 a6 29. a4 Ba7 30. Ng5 Bb8 31. Ne6 R8f7 32. Nd8 Rf8 33. Nc6 Bc7 34. Ne7+
Kh7 35. Nxf5 Rxf5 36. d6 1-0

[Event "Landesklasse West 2013/2014"]
[Site "?"]
[Date "2013.12.08"]
[Round "4"]
[White "Wiederhold, Frank"]
[Black "Schorch, Rüdiger"]
[Result "1/2-1/2"]
[WhiteElo "1706"]
[BlackElo "1861"]
[PlyCount "103"]
[EventDate "2013.??.??"]
[WhiteTeam "SV Gernrode 1887"]
[BlackTeam "SV Ammern"]

1. d4 Nf6 2. c4 e6 3. Nc3 b6 4. e4 Bb4 5. Bd3 c5 6. d5 Bxc3+ 7. bxc3 d6 8. f4
Qe7 9. Qe2 Ba6 10. e5 Ng8 11. Nf3 Bb7 12. exd6 Qxd6 13. f5 Nf6 14. Bg5 Nbd7 15.
fxe6 fxe6 16. dxe6 Nf8 17. Bf5 h6 18. Bh4 Qf4 19. Bxf6 gxf6 20. Bh3 Bxf3 21.
Qxf3 Qxf3 22. gxf3 Rg8 23. Kf2 Rd8 24. Rad1 Rxd1 25. Rxd1 Rg5 26. Rd5 Ke7 27.
f4 Rg8 28. f5 Rg5 29. Rd1 Rh5 30. Kg3 Rg5+ 31. Kf4 Rh5 32. Rd3 Rh4+ 33. Kg3
Rxc4 34. Bg2 Ra4 35. Rd2 Ra3 36. Rc2 b5 37. Bf1 b4 38. Kh4 bxc3 39. Kh5 Nh7 40.
Kxh6 Ng5 41. h4 Nf3 42. Rg2 Nxh4 43. Rg7+ Kd6 44. Rd7+ Ke5 45. Bd3 Nxf5+ 46.
Bxf5 Kxf5 47. e7 c2 48. e8=Q c1=Q+ 49. Kg7 Qg5+ 50. Kf8 Qh6+ 51. Rg7 Rg3 52.
Qd7+ 1/2-1/2

[Event "Landesklasse West 2013/2014"]
[Site "?"]
[Date "2013.12.08"]
[Round "4"]
[White "Dawydow, Alexej"]
[Black "Brodmann, Peter"]
[Result "1-0"]
[WhiteElo "1934"]
[BlackElo "1688"]
[PlyCount "83"]
[EventDate "2013.??.??"]
[WhiteTeam "SV Ammern"]
[BlackTeam "SV Gernrode 1887"]

1. e4 d5 2. exd5 Nf6 3. Nc3 Nxd5 4. Nf3 Nxc3 5. bxc3 e6 6. d4 Be7 7. Bd3 Nd7 8.
Qe2 Nf6 9. Ne5 Bd6 10. Bg5 h6 11. Bd2 Qe7 12. O-O Bxe5 13. dxe5 Nd5 14. Qg4 Qf8
15. Rab1 g6 16. Rfe1 Nb6 17. Qf3 Qe7 18. h3 Kf8 19. Bxg6 Ke8 20. Bd3 Rb8 21.
Re4 Bd7 22. Rg4 Bc6 23. Be4 Bxe4 24. Qxe4 Qd7 25. Bxh6 Qd5 26. Qf4 Qxa2 27. Rc1
Qa3 28. Qf6 Kd7 29. Qxf7+ Qe7 30. Rd1+ Nd5 31. Rxd5+ exd5 32. Qxd5+ Ke8 33.
Rg8+ Rxg8 34. Qxg8+ Kd7 35. Qxb8 Qxe5 36. Qxa7 Qe1+ 37. Kh2 Qxc3 38. Qa4+ c6
39. Be3 Qe5+ 40. Qf4 Qb5 41. c4 Qa4 42. Qd4+ 1-0

[Event "Landesklasse West 2013/2014"]
[Site "?"]
[Date "2013.12.08"]
[Round "4"]
[White "Herzberg, Ägidius"]
[Black "Kampfhenkel, Ulrich"]
[Result "0-1"]
[WhiteElo "1552"]
[BlackElo "1931"]
[PlyCount "78"]
[EventDate "2013.??.??"]
[WhiteTeam "SV Gernrode 1887"]
[BlackTeam "SV Ammern"]

1. d4 Nf6 2. c4 e5 3. dxe5 Ne4 4. Nf3 Nc6 5. Qc2 Bb4+ 6. Bd2 Nxd2 7. Nbxd2 Qe7
8. a3 Bxd2+ 9. Qxd2 Nxe5 10. Nxe5 Qxe5 11. e3 O-O 12. Be2 d6 13. O-O Re8 14. b4
a5 15. Qd5 Qf6 16. bxa5 Re5 17. Qd4 Qe7 18. Rfb1 Rexa5 19. Rb3 Ra4 20. Bf3 c6
21. Qd3 Be6 22. Rc3 h6 23. Rd1 Qf6 24. Rb1 Bf5 25. e4 Bc8 26. Rcb3 Qe5 27. Bd1
R4a7 28. h3 Qc5 29. Ra1 Be6 30. Be2 b5 31. Rb4 Bxc4 32. Qd2 Bxe2 33. Qxe2 Rxa3
34. Rab1 Ra1 35. Qe1 Rxb1 36. Qxb1 Qe5 37. Qc2 Ra1+ 38. Rb1 b4 39. g3 Qc3 0-1

[Event "Landesklasse West 2013/2014"]
[Site "?"]
[Date "2013.12.08"]
[Round "4"]
[White "Kurze, Christoph"]
[Black "Lath, Vinzent"]
[Result "1-0"]
[WhiteElo "1855"]
[BlackElo "1610"]
[PlyCount "71"]
[EventDate "2013.??.??"]
[WhiteTeam "SV Ammern"]
[BlackTeam "SV Gernrode 1887"]

1. e4 c5 2. Nf3 e6 3. c3 d5 4. e5 Nc6 5. d4 Qb6 6. a3 Nge7 7. dxc5 Qxc5 8. b4
Qb6 9. Bd3 Qc7 10. Qe2 a6 11. O-O Ng6 12. Re1 Be7 13. a4 Bd7 14. g3 O-O 15. a5
d4 16. cxd4 Bxb4 17. Bd2 Bxa5 18. Na3 Bxd2 19. Qxd2 b5 20. Be4 Qb6 21. Reb1 Qd8
22. Nc2 Nge7 23. Ne3 Ra7 24. h4 Nb8 25. Bd3 Bc6 26. Ne1 Qxd4 27. Bxh7+ Kxh7 28.
Qxd4 Rd7 29. Qb4 Rfd8 30. Rd1 Nd5 31. Nxd5 Rxd5 32. Rxd5 Rxd5 33. f4 Nd7 34.
Rxa6 Bb7 35. Rd6 Nc5 36. Rxd5 1-0

[Event "Landesklasse West 2013/2014"]
[Site "?"]
[Date "2013.12.08"]
[Round "4"]
[White "Lath, Siegfried"]
[Black "Breuer, Harald"]
[Result "0-1"]
[WhiteElo "1643"]
[BlackElo "1845"]
[PlyCount "162"]
[EventDate "2013.??.??"]
[WhiteTeam "SV Gernrode 1887"]
[BlackTeam "SV Ammern"]

1. e4 c5 2. Nc3 d6 3. Nf3 g6 4. d4 cxd4 5. Nxd4 Bg7 6. Be3 a6 7. Qd2 b5 8. a3
Bb7 9. h4 h5 10. f3 Nf6 11. Bd3 Nbd7 12. O-O Rc8 13. Qf2 O-O 14. a4 b4 15. Na2
a5 16. Nc1 Ne5 17. Nb5 Nfd7 18. Nb3 Nc4 19. Bd4 Bxd4 20. Qxd4 Qb6 21. Bxc4
Qxd4+ 22. N5xd4 Rxc4 23. Nxa5 Rxd4 24. Nxb7 Rc8 25. Rf2 Rdc4 26. a5 R4c7 27. a6
Ra8 28. Rff1 Nb8 29. a7 Nc6 30. Na5 Nd4 31. Nb3 Ne2+ 32. Kf2 Rxc2 33. Ke3 Rxb2
34. Nd2 Nc3 35. Nc4 Ra2 36. Rxa2 Nxa2 37. Ra1 Rxa7 38. Kd2 b3 39. Rb1 Rc7 40.
Na3 Rb7 41. Nc4 Rc7 42. Na3 Rb7 43. Nc4 Rb5 44. Kd3 d5 45. exd5 Rxd5+ 46. Ke3
Rb5 47. Rb2 Nc3 48. Kd2 Na4 49. Rb1 Rd5+ 50. Ke3 b2 51. Rxb2 Nxb2 52. Nxb2 f6
53. Nd3 Kf7 54. Nf4 Ra5 55. Kf2 e5 56. Nh3 Ke6 57. Kg3 Kf5 58. Nf2 Ra4 59. Kh3
Kf4 60. Nd3+ Ke3 61. Nc5 Rc4 62. Nd7 Rc6 63. Kg3 Kd4 64. Nf8 f5 65. Nh7 f4+ 66.
Kh3 e4 67. fxe4 Kxe4 68. Ng5+ Ke3 69. Nf3 Rc1 70. Kh2 Ke4 71. Ng5+ Kf5 72. Nf3
Ra1 73. g3 Ra2+ 74. Kh3 Rf2 75. Nd4+ Ke4 76. Ne6 f3 77. Nf4 Kf5 78. Nd5 Ra2 79.
Ne7+ Ke4 80. Nxg6 Ra1 81. Kh2 f2 0-1

[Event "Landesklasse West 2013/2014"]
[Site "?"]
[Date "2013.12.08"]
[Round "4"]
[White "Hentrich, Jörg"]
[Black "Mosebach, Christian"]
[Result "1-0"]
[WhiteElo "1727"]
[BlackElo "1565"]
[PlyCount "63"]
[EventDate "2013.??.??"]
[WhiteTeam "SV Ammern"]
[BlackTeam "SV Gernrode 1887"]

1. e4 c6 2. d4 d5 3. Nc3 dxe4 4. Nxe4 Bf5 5. Ng3 Bg6 6. h4 h6 7. h5 Bh7 8. Nf3
e6 9. Bd3 Bxd3 10. Qxd3 Qb6 11. c4 Bb4+ 12. Bd2 Bxd2+ 13. Qxd2 Nf6 14. O-O-O
Qa6 15. Qb4 Nbd7 16. Rd3 Qb6 17. Qa3 Qc7 18. Re1 Nb6 19. Ne5 Qe7 20. Qc3 O-O
21. f4 Rac8 22. f5 Nbd5 23. Qd2 Nb4 24. Rb3 Nxa2+ 25. Kb1 c5 26. Kxa2 cxd4 27.
fxe6 Qxe6 28. Qxd4 Rfd8 29. Qc3 Qd6 30. Nf5 Qa6+ 31. Ra3 Qb6 32. Ne7+ 1-0

[Event "Landesklasse West 2013/2014"]
[Site "?"]
[Date "2013.12.08"]
[Round "4"]
[White "Lubojanski, Stephan"]
[Black "Dawydow, Julius"]
[Result "1-0"]
[WhiteElo "1599"]
[BlackElo "1473"]
[PlyCount "71"]
[EventDate "2013.??.??"]
[WhiteTeam "SV Gernrode 1887"]
[BlackTeam "SV Ammern"]

1. e4 e6 2. Nf3 d5 3. e5 c5 4. Bb5+ Bd7 5. Bxd7+ Nxd7 6. O-O Ne7 7. d4 cxd4 8.
Qxd4 Nf5 9. Qa4 Be7 10. Nc3 O-O 11. Qg4 a6 12. Nxd5 Rc8 13. Nxe7+ Qxe7 14. c3
Qc5 15. Qe4 Rc7 16. Be3 Nxe3 17. fxe3 b5 18. Rad1 Qe7 19. Rd4 Nc5 20. Qg4 f6
21. exf6 Rxf6 22. Rf4 Rg6 23. Qh5 Nd3 24. Ng5 Rxg5 25. Rf8+ Qxf8 26. Rxf8+ Kxf8
27. Qxg5 Rd7 28. Qg4 Kf7 29. b3 h6 30. h4 Nc1 31. h5 Kf6 32. c4 Nxa2 33. c5 Nc3
34. c6 Rd6 35. c7 Rc6 36. Qf3+ 1-0

[Event "Landesklasse West 2013/2014"]
[Site "?"]
[Date "2013.12.08"]
[Round "4"]
[White "Klingler, Lutz"]
[Black "Kuntze, Andreas"]
[Result "1/2-1/2"]
[WhiteElo "1974"]
[BlackElo "1992"]
[PlyCount "85"]
[EventDate "2013.??.??"]
[WhiteTeam "SV Schmalkalden 04"]
[BlackTeam "Schachclub Rochade Leinefelde"]

1. f4 d6 2. Nf3 Bg4 3. e4 Nf6 4. Nc3 e6 5. Be2 d5 6. e5 Nfd7 7. O-O c5 8. d3
Nc6 9. Qe1 Bxf3 10. Bxf3 Nd4 11. Bd1 Be7 12. Be3 Nf5 13. Bf2 h5 14. Ne2 Qb6 15.
Rb1 Qa6 16. a3 b5 17. Ng3 Nxg3 18. hxg3 g6 19. Bf3 Rc8 20. Qe2 Nb6 21. c3 Kf8
22. g4 hxg4 23. Bxg4 Kg7 24. g3 Rh7 25. Kg2 Rch8 26. Rh1 Rxh1 27. Rxh1 Rxh1 28.
Kxh1 Qa4 29. Bf3 Qb3 30. Be3 Na4 31. Bc1 b4 32. axb4 cxb4 33. Qd1 Qa2 34. Qd2
bxc3 35. bxc3 Qxd2 36. Bxd2 Nc5 37. c4 dxc4 38. dxc4 Nb3 39. Bc3 a5 40. Bc6 Bb4
41. Bb2 Nc5 42. Bd4 Nb3 43. Bb2 1/2-1/2

[Event "Landesklasse West 2013/2014"]
[Site "?"]
[Date "2013.12.08"]
[Round "4"]
[White "Kachel, Alfred"]
[Black "Lesser, Thomas"]
[Result "1-0"]
[WhiteElo "1963"]
[BlackElo "1855"]
[PlyCount "83"]
[EventDate "2013.??.??"]
[WhiteTeam "Schachclub Rochade Leinefelde"]
[BlackTeam "SV Schmalkalden 04"]

1. d4 d5 2. Nf3 Nf6 3. c4 c6 4. Nc3 e6 5. g3 Be7 6. Bg2 O-O 7. O-O Nbd7 8. b3
a6 9. a4 Re8 10. Qc2 Bd6 11. Rd1 Rb8 12. e4 dxe4 13. Ng5 Bb4 14. Ngxe4 Qa5 15.
Bf4 Ra8 16. Rac1 e5 17. Nxf6+ gxf6 18. Bh6 Bxc3 19. Qf5 Nf8 20. Qxf6 Ne6 21. d5
Qd8 22. Qxd8 Nxd8 23. Rxc3 Bg4 24. f3 Bd7 25. Re3 f6 26. Red3 Nf7 27. Be3 cxd5
28. Rxd5 Bc6 29. R5d2 Rad8 30. Bb6 Rxd2 31. Rxd2 Ng5 32. Rd8 Kf7 33. Rxe8 Kxe8
34. Kf2 Kd7 35. h4 Ne6 36. Ke3 Kd6 37. a5 f5 38. Kd3 f4 39. g4 Nf8 40. b4 Ng6
41. Bf2 Nf8 42. Bc5+ 1-0

[Event "Landesklasse West 2013/2014"]
[Site "?"]
[Date "2013.12.08"]
[Round "4"]
[White "Petiko, Jakob"]
[Black "Krannich, Steffen"]
[Result "0-1"]
[WhiteElo "1910"]
[BlackElo "1818"]
[PlyCount "57"]
[EventDate "2013.??.??"]
[WhiteTeam "Schachclub Rochade Leinefelde"]
[BlackTeam "SV Schmalkalden 04"]

1. e4 d5 2. exd5 Nf6 3. d3 Nxd5 4. Nf3 Nc6 5. c3 g6 6. Be2 Bg7 7. O-O O-O 8. d4
Bf5 9. Nh4 Bc8 10. f4 e5 11. dxe5 Nxf4 12. Rxf4 Qxd1+ 13. Bxd1 g5 14. Re4 gxh4
15. Rxh4 Nxe5 16. Bc2 Ng6 17. Re4 Bf5 18. Re2 Bxc2 19. Rxc2 Rfe8 20. Rf2 Ne5
21. Rd2 Nc4 22. Rd1 Rad8 23. Nd2 Bh6 24. b3 Nxd2 25. Ba3 Re2 26. Bc5 b6 27. Bd4
c5 28. Bf2 Rde8 29. Kh1 0-1

[Event "Landesklasse West 2013/2014"]
[Site "?"]
[Date "2013.12.08"]
[Round "4"]
[White "Burkhardt, Christian"]
[Black "Frank, Thomas"]
[Result "1/2-1/2"]
[WhiteElo "1695"]
[BlackElo "1897"]
[PlyCount "30"]
[EventDate "2013.??.??"]
[WhiteTeam "SV Schmalkalden 04"]
[BlackTeam "Schachclub Rochade Leinefelde"]

1. d4 Nf6 2. c4 g6 3. g3 Bg7 4. Bg2 d6 5. Nc3 O-O 6. Nf3 Nc6 7. O-O a6 8. h3
Bd7 9. e4 e5 10. Be3 Rb8 11. c5 exd4 12. Nxd4 dxc5 13. Nxc6 Bxc6 14. Bxc5 Re8
15. Qc2 Qc8 1/2-1/2

[Event "Landesklasse West 2013/2014"]
[Site "?"]
[Date "2013.12.08"]
[Round "4"]
[White "Pfitzenreuter, Gerald"]
[Black "Klein, Matthias"]
[Result "1-0"]
[WhiteElo "1893"]
[BlackElo "1761"]
[PlyCount "77"]
[EventDate "2013.??.??"]
[WhiteTeam "Schachclub Rochade Leinefelde"]
[BlackTeam "SV Schmalkalden 04"]

1. d4 d6 2. c4 Nf6 3. Nc3 Nbd7 4. e4 e5 5. Be3 c6 6. f3 Be7 7. Nge2 O-O 8. Qd2
Qa5 9. Ng3 Re8 10. O-O-O a6 11. Kb1 Qc7 12. Nf5 Bf8 13. Rc1 Qa5 14. g4 exd4 15.
Nxd4 Ne5 16. Be2 Kh8 17. Rhg1 b5 18. g5 Ng8 19. f4 Nxc4 20. Bxc4 bxc4 21. Nxc6
Qc7 22. Nb4 Rb8 23. Nbd5 Qa5 24. Qd4 Be6 25. Bd2 Ne7 26. Nxe7 Bxe7 27. Nd5 Qc5
28. Rxc4 Qxd4 29. Rxd4 Bd7 30. Nc7 Rec8 31. Nxa6 Ra8 32. Nb4 d5 33. Rc1 Rxc1+
34. Kxc1 Bxb4 35. Bxb4 Be6 36. exd5 Rd8 37. a3 Rxd5 38. Rxd5 Bxd5 39. Kd2 {ZÜ}
1-0

[Event "Landesklasse West 2013/2014"]
[Site "?"]
[Date "2013.12.08"]
[Round "4"]
[White "Weigend, Joachim"]
[Black "Seeboth, Paul"]
[Result "1/2-1/2"]
[WhiteElo "1797"]
[BlackElo "1819"]
[PlyCount "37"]
[EventDate "2013.??.??"]
[WhiteTeam "SV Schmalkalden 04"]
[BlackTeam "Schachclub Rochade Leinefelde"]

1. c4 e5 2. Nc3 g6 3. g3 Bg7 4. Bg2 Nc6 5. e3 d6 6. Nge2 Bg4 7. O-O Qd7 8. Nd5
Rc8 9. Re1 Nf6 10. a3 Nd8 11. b4 c6 12. Nxf6+ Bxf6 13. Bb2 Qf5 14. d4 Ne6 15.
h4 e4 16. Qc2 Bf3 17. Bxf3 Qxf3 18. Nf4 O-O 19. Qe2 1/2-1/2

[Event "Landesklasse West 2013/2014"]
[Site "?"]
[Date "2013.12.08"]
[Round "4"]
[White "Löffelholz, Christian"]
[Black "Röder, Detlef"]
[Result "0-1"]
[WhiteElo "1726"]
[BlackElo "1666"]
[PlyCount "80"]
[EventDate "2013.??.??"]
[WhiteTeam "Schachclub Rochade Leinefelde"]
[BlackTeam "SV Schmalkalden 04"]

1. e4 c6 2. d4 d5 3. exd5 cxd5 4. Nf3 Nf6 5. Bd3 Nc6 6. c3 Bg4 7. h3 Bh5 8. Bf4
e6 9. Nbd2 Bd6 10. Bxd6 Qxd6 11. Qc2 Bg6 12. Bxg6 hxg6 13. O-O-O O-O-O 14. Kb1
Kb8 15. Rhe1 Qf4 16. Re3 Rh5 17. Rde1 g5 18. Qb3 g4 19. Ne5 Nxe5 20. dxe5 Nd7
21. hxg4 Rxe5 22. Qd1 Rxe3 23. fxe3 Qg5 24. e4 Nf6 25. e5 Nxg4 26. Nf3 Qf4 27.
Qe2 Qc4 28. Qc2 g6 29. b3 Qc7 30. Qd2 Rc8 31. Kb2 Qe7 32. Qd4 Nh6 33. Qf4 Nf5
34. g4 Nh4 35. Rf1 Nxf3 36. Rxf3 Rf8 37. Qe3 Qc7 38. Qd4 Rh8 39. Qf2 Qxe5 40.
Rxf7 Rh2 0-1

[Event "Landesklasse West 2013/2014"]
[Site "?"]
[Date "2014.01.12"]
[Round "5"]
[White "Brodmann, Michael"]
[Black "Hocke, Sebastian"]
[Result "0-1"]
[WhiteElo "1718"]
[BlackElo "2023"]
[PlyCount "48"]
[EventDate "2014.??.??"]
[WhiteTeam "SV Gernrode 1887"]
[BlackTeam "ESV Lok Meiningen"]

1. d4 d5 2. Nf3 Nf6 3. Bf4 e6 4. e3 c5 5. Bb5+ Bd7 6. Bxd7+ Qxd7 7. O-O Nc6 8.
Nbd2 cxd4 9. exd4 Bd6 10. Bg5 Ng4 11. h3 h6 12. Be3 Nf6 13. c3 g5 14. Nh2 Qc7
15. Ng4 Nxg4 16. Qxg4 O-O-O 17. Nb3 Rdg8 18. Nc5 h5 19. Qe2 g4 20. h4 Bxc5 21.
dxc5 Qe7 22. b4 Qxh4 23. b5 Ne5 24. Bf4 Nf3+ 0-1

[Event "Landesklasse West 2013/2014"]
[Site "?"]
[Date "2014.01.12"]
[Round "5"]
[White "Lehmann, Peter"]
[Black "Herzberg, Ägidius"]
[Result "1-0"]
[WhiteElo "1935"]
[BlackElo "1552"]
[PlyCount "39"]
[EventDate "2014.??.??"]
[WhiteTeam "ESV Lok Meiningen"]
[BlackTeam "SV Gernrode 1887"]

1. d4 d5 2. Nf3 c6 3. e3 Nf6 4. Bd3 e6 5. O-O Nbd7 6. Nbd2 Bd6 7. Qe2 O-O 8. e4
dxe4 9. Nxe4 Nxe4 10. Qxe4 Nf6 11. Qh4 h6 12. Re1 Be7 13. c3 Nd5 14. Qg3 Bd6
15. Ne5 Qf6 16. Re4 Kh8 17. Rh4 Rg8 18. Qh3 Nf4 19. Nxf7+ Qxf7 20. Rxh6+ 1-0

[Event "Landesklasse West 2013/2014"]
[Site "?"]
[Date "2014.01.12"]
[Round "5"]
[White "Lath, Vinzent"]
[Black "Scheftlein, Richard"]
[Result "0-1"]
[WhiteElo "1610"]
[BlackElo "1923"]
[PlyCount "50"]
[EventDate "2014.??.??"]
[WhiteTeam "SV Gernrode 1887"]
[BlackTeam "ESV Lok Meiningen"]

1. d4 Nf6 2. c4 e6 3. Nc3 Bb4 4. Bg5 c5 5. a3 Bxc3+ 6. bxc3 Qa5 7. Bd2 d6 8.
Nf3 O-O 9. e3 b6 10. g3 Bb7 11. Bg2 Qa6 12. Qb3 Nc6 13. Qb5 Na5 14. dxc5 dxc5
15. Qxa6 Bxa6 16. Ne5 Rad8 17. Bf1 Nd7 18. Nxd7 Rxd7 19. Rd1 Rfd8 20. Be2 Nb3
21. Bc1 Rxd1+ 22. Bxd1 Nxc1 23. O-O Bxc4 24. Re1 Nd3 25. Rf1 Nb2 0-1

[Event "Landesklasse West 2013/2014"]
[Site "?"]
[Date "2014.01.12"]
[Round "5"]
[White "Grube, Jan"]
[Black "Lath, Siegfried"]
[Result "1-0"]
[WhiteElo "1831"]
[BlackElo "1643"]
[PlyCount "53"]
[EventDate "2014.??.??"]
[WhiteTeam "ESV Lok Meiningen"]
[BlackTeam "SV Gernrode 1887"]

1. c4 Nf6 2. d4 g6 3. Nc3 Bg7 4. e4 d6 5. Be3 Ng4 6. Bf4 e5 7. dxe5 Nxe5 8. Nf3
Nbc6 9. Nxe5 Nxe5 10. c5 O-O 11. cxd6 c6 12. Be2 Qb6 13. Qd2 Be6 14. Be3 Qd8
15. O-O Nc4 16. Bxc4 Bxc4 17. Rfd1 Qd7 18. Bh6 f6 19. Bxg7 Kxg7 20. Qd4 Bf7 21.
e5 fxe5 22. Qxe5+ Kg8 23. Ne4 Bd5 24. Nf6+ Rxf6 25. Qxf6 Rd8 26. Re1 Qxd6 27.
Re8+ 1-0

[Event "Landesklasse West 2013/2014"]
[Site "?"]
[Date "2014.01.12"]
[Round "5"]
[White "Mosebach, Christian"]
[Black "Von Otte, Wilhelm"]
[Result "0-1"]
[WhiteElo "1565"]
[BlackElo "1938"]
[PlyCount "56"]
[EventDate "2014.??.??"]
[WhiteTeam "SV Gernrode 1887"]
[BlackTeam "ESV Lok Meiningen"]

1. d4 d5 2. c4 e5 3. dxe5 d4 4. a3 a5 5. e3 Nc6 6. Nf3 Bc5 7. exd4 Bxd4 8. Qc2
Nge7 9. Bd3 Nxe5 10. Nxe5 Bxe5 11. O-O Qd6 12. g3 Bh3 13. Re1 O-O-O 14. Be4 f5
15. Bh1 Nc6 16. Qb3 Rhe8 17. Be3 f4 18. c5 Qe6 19. Qxe6+ Rxe6 20. Nc3 Bxc3 21.
bxc3 fxe3 22. fxe3 Ne5 23. Rab1 c6 24. Bg2 Bf5 25. e4 Bg6 26. Bh3 Rde8 27.
Bxe6+ Rxe6 28. Kg2 Nd3 0-1

[Event "Landesklasse West 2013/2014"]
[Site "?"]
[Date "2014.01.12"]
[Round "5"]
[White "Kuntze, Andreas"]
[Black "Moise, Adrian"]
[Result "1/2-1/2"]
[WhiteElo "1992"]
[BlackElo "2163"]
[PlyCount "38"]
[EventDate "2014.??.??"]
[WhiteTeam "Schachclub Rochade Leinefelde"]
[BlackTeam "SV Ammern"]

1. d4 Nf6 2. c4 c5 3. d5 b5 4. cxb5 a6 5. f3 axb5 6. e4 d6 7. Bxb5+ Bd7 8.
Bxd7+ Nfxd7 9. b3 Nf6 10. Bb2 g6 11. Ne2 Bg7 12. O-O O-O 13. Na3 Nbd7 14. Nc4
Ra6 15. Nc3 Nb6 16. Qe2 Qa8 17. a4 Nfd7 18. Nxb6 Nxb6 19. Nb5 Rc8 1/2-1/2

[Event "Landesklasse West 2013/2014"]
[Site "?"]
[Date "2014.01.12"]
[Round "5"]
[White "Wegerich, Michael"]
[Black "Kachel, Alfred"]
[Result "1/2-1/2"]
[WhiteElo "2009"]
[BlackElo "1963"]
[PlyCount "58"]
[EventDate "2014.??.??"]
[WhiteTeam "SV Ammern"]
[BlackTeam "Schachclub Rochade Leinefelde"]

1. e4 c6 2. d4 d5 3. exd5 cxd5 4. c4 Nf6 5. Nc3 Nc6 6. Nf3 Bg4 7. cxd5 Nxd5 8.
Qb3 Bxf3 9. gxf3 Nb6 10. d5 Nd4 11. Qd1 e5 12. dxe6 fxe6 13. Be3 Nc6 14. Qb3
Qf6 15. O-O-O Be7 16. Bh3 O-O 17. Bxe6+ Kh8 18. Bg4 Ne5 19. Rd4 Nxg4 20. fxg4
Qf3 21. Qd1 Bc5 22. Qxf3 Rxf3 23. Re4 Bxe3+ 24. fxe3 h5 25. gxh5 Rc8 26. Rd1
Nc4 27. Re7 Rf2 28. Rxb7 Nxb2 29. Rxb2 Rxc3+ 1/2-1/2